| 000 | 00820cab a2200241 4500 | ||
|---|---|---|---|
| 001 | WB3441-17 | ||
| 008 | 090401t1998 xxu||||| |||| 00| 0 eng d | ||
| 035 | _a(Sirsi) u89324 | ||
| 041 | _aeng | ||
| 245 | _aBuy-to-let bonanza | ||
| 260 | _c1998 | ||
| 350 | _a0 | ||
| 490 |
_aTimes _v24 October 1998, 3.3(2) |
||
| 520 | _aBuying a property to rent out is one of the fastest growing investment areas. Since ARLA launched their buy-to-let scheme two years ago more than £1bn has been invested in the sector. Outlines points to bear in mind when buying a property to let. | ||
| 650 | _aARLA | ||
| 650 | _aBUY-TO-LET | ||
| 650 | _aPRIVATE RENTED SECTOR | ||
| 650 | _aPROPERTY INVESTMENT | ||
| 650 | _aRENTAL MARKET | ||
| 690 | _aPROPERTY-PROPERTY FINANCE AND INVESTMENT | ||
| 942 | _n0 | ||
| 948 | _c28/10/1998 | ||
| 999 |
_c56502 _d56502 |
||